000 00777nam a2200289Ia 4500
001 Z_4396
003 CHAP
008 220113s1983 xx 000 0 und d
010 _a167466
040 _cCHAP
082 _a636.0891182 D5
100 _aDivakaran, S
_933008
245 _aIndustrialización y aprovechamiento de la sangre animal /
_cpor S Divakaran
260 _aRoma :
_bFAO,
_c1983
300 _a105 p. ; ilus.
440 _aBoletín de servicios agrícolas FAO : 32
_9141685
500 _a
503 _aC/E
650 _aGanado
_xSangre
_944952
650 _aHematología animal I. FAO II. FAO. Boletín de Servicios Agrícolas
_9141686
901 _a636.0891182 D5
902 _aA
910 _a1983
942 _c1
942 _cc1
999 _c167466
_d167466